000 00552nam a2200181Ia 4500
008 090630s9999 xx 000 0 und d
082 _b12600
100 _aकोळी नेताजी.
245 _aअकल्पित.
_cकोळी नेताजी.
260 _bस्वाती.
_c1990
300 _a222
600 _aकोळी नेताजी.
630 _aअकल्पित.
655 _aकादंबरी.
700 _aकोळी नेताजी.
730 _aअकल्पित.
942 _cBOOK
999 _c264456
_d264456